| 000 | 02620nam a22003017a 4500 | ||
|---|---|---|---|
| 003 | OSt | ||
| 005 | 20260424110458.0 | ||
| 008 | 260424b |||||||| |||| 00| 0 eng d | ||
| 020 | _a8448120639 | ||
| 037 | _bDonación | ||
| 040 |
_aCO-JMCR _bspa _cCO-JMCR _dCO-JMCR _erda |
||
| 041 | 0 | _aspa | |
| 082 | 0 | 4 |
_a332.642 _bM36i |
| 100 | 1 |
_aMartínez Abascal, Eduardo, _eautor _944629 |
|
| 245 | 1 | 0 |
_aInvertir en bolsa : _bconceptos y estrategias / _cEduardo Martínez Abascal |
| 260 |
_aMadrid : McGraw-Hill, _c1999. |
||
| 264 |
_aMadrid : _bMcGraw-Hill, _c1999 |
||
| 300 |
_a396 páginas : _bIlustraciones ; _c23 cm. |
||
| 490 | 0 | _aMcGraw-Hill de Management | |
| 500 | _aIncluye biografía | ||
| 501 | _aCon : prólogo de Antonio J. Zoido | ||
| 504 | _aBibliografía : páginas 375-379 | ||
| 505 | 2 | _aLa bolsa: funcionamiento y magnitudes -- Fondos de inversión mobiliaria -- Productos especiales: derechos, dividibles y convertibles -- Futuros sobre renta variable -- Opciones sobre renta variable -- Rentabilidad, riesgo y optimización de carteras -- Rentabilidad simple y continua en acciones -- CAPM, modelo de mercado y multifactorial -- Efiencia del mercado bursátil -- Riesgo y rentabilidad en la bolsa: historia reciente -- Estrategias de gestión: visión general -- Criterios para la formación de carteras y asignación de activos -- Análisis fundamental: análisis macroeconómico -- Gestión internacional -- Evaluación de carteras | |
| 520 | 3 | _aInvertir en bolsa: conceptos y estrategias pretende dar una explicación sencilla y con orientación práctica sobre el mercado bursátil y el modo de gestionar una cartera de acciones. Después de desarrollar los diversos productos básicos para invertir en renta variable y los mercados en que se negocian, el autor introduce los conceptos de rentabilidad y riesgo y cómo medirlos, incluyendo además una visión histórica de rentabilidad de las principales bolsas mundiales. Posterioirmente se estudian los modelos de optimización, CAPM, APT y Teoría de la eficiencia. Por último se centra en las diversas estrategias de gestión de renta variable (tanto activas como pasivas, arbitraje y cobertura) y cómo llevarlas a cabo. Esta obra es de lectura recomendada para todo gestor de cartera de renta variable así como para el público en general, ya que la bolsa ha pasado a ocupar un papel fundamental no sólo en los píses desarrollados sino también en los países en vía de desarrollo. | |
| 650 | 7 |
_aBolsa de valores _2JMCR _xInversión _944630 |
|
| 650 | 7 |
_aGestión y evaluación _2JMCR _xInversión _944631 |
|
| 942 |
_2ddc _cBK |
||
| 999 |
_c31180 _d17564 |
||